Statistics for 16 Prehistoric animals by Picture

Click here to take the quiz!

General Stats

  • This quiz has been taken 312 times
  • The average score is 10 of 18

Answer Stats

Answer% Correct
Tyrannosaurus
94%
Triceratops
86%
Spinosaurus
83%
Dimetrodon
68%
Megatherium
67%
Diplodocus
65%
Mosasaurus
62%
Dunkleosteus
60%
Smilodon
59%
Sarcosuchus
54%
Quetzalcoatlus
44%
Argentinosaurus
42%
Helicoprion
41%
Anomalocaris
37%
Arthropleura
37%
Deinotherium
34%
Gorgonops
34%
Pterygotus
19%

Score Distribution

Percentile by Number Answered

Percent of People with Each Score

Your Score History

You have not taken this quiz